Nórsky hospodársky model diplomová práca

Saved in:
Bibliographic Details
Main Author: Pjataková, Dajana
Corporate Author: Fakulta medzinárodných vzťahov EU. Katedra medzinárodných ekonomických vzťahov a hospodárskej diplomacie
Other Authors: Grančay, Martin, 1984-2024
Format: Book
Language:Slovak
Published: Bratislava 2014
Tags: Add Tag
No Tags, Be the first to tag this record!

MARC

LEADER 00000nbm a2200000 4500
001 0191644
005 20170201090455.9
041 0 |a slo 
044 |a SK 
245 1 0 |a Nórsky hospodársky model  |b diplomová práca  |c Dajana Pjataková ; školiteľ: Martin Grančay 
264 1 |a Bratislava  |c 2014 
300 |a 72 s. 
100 1 |a Pjataková, Dajana 
700 1 |a Grančay, Martin, 1984-2024 
710 2 |a Fakulta medzinárodných vzťahov EU. Katedra medzinárodných ekonomických vzťahov a hospodárskej diplomacie